[Event "Marshall Spring Norm RR - IM"]
[Site "?"]
[Date "2019.02.28"]
[Round "2"]
[White "Allicock, Rawle"]
[Black "Savanovic, Aleksandar"]
[Result "1-0"]
[WhiteElo "2237"]
[BlackElo "2442"]
[PlyCount "111"]
[EventDate "2019.02.28"]
[EventType "tourn"]
[SourceVersionDate "2019.02.28"]

1. Nf3 d5 2. d4 Nf6 3. c4 e6 4. g3 dxc4 5. Bg2 c5 6. O-O Nc6 7. Qa4 Bd7 8. Qxc4
b5 9. Qd3 Rc8 10. dxc5 Bxc5 11. Nc3 b4 12. Ne4 Nxe4 13. Qxe4 Qe7 14. Rd1 f6 15.
Bh3 Kf7 16. Be3 Bxe3 17. Qxe3 Rhd8 18. Rac1 Be8 19. Rxd8 Rxd8 20. Qe4 f5 21.
Qc4 Kf8 22. e4 Na5 23. Qe2 g6 24. Re1 Nc6 25. Qe3 Qf6 26. Ng5 Kg8 27. exf5 exf5
28. Bf1 Bf7 29. Nxf7 Kxf7 30. Qh6 Qg7 31. Qc1 Rd6 32. Bg2 Qf6 33. Qc4+ Kg7 34.
Bxc6 Rxc6 35. Qxb4 Rc7 36. b3 Rd7 37. Qc4 Qb2 38. Re8 Qd2 39. Rg8+ Kf6 40. Rf8+
Kg7 41. Rg8+ Kf6 42. Qh4+ Ke6 43. Re8+ Kf7 44. Re3 h5 45. Qc4+ Qd5 46. Rd3 Qxc4
47. Rxd7+ Ke6 48. bxc4 Kxd7 49. Kf1 Kd6 50. Ke2 g5 51. f4 gxf4 52. gxf4 Kc5 53.
Kd3 h4 54. h3 a6 55. Kc3 a5 56. a4 1-0

[Event "Marshall Spring Norm RR - IM"]
[Site "?"]
[Date "2019.02.28"]
[Round "2"]
[White "Wang, Wesley"]
[Black "Daggupati, Balaji"]
[Result "1/2-1/2"]
[WhiteElo "2304"]
[BlackElo "2305"]
[PlyCount "257"]
[EventDate "2019.02.28"]
[EventType "tourn"]
[SourceVersionDate "2019.02.28"]

1. e4 c5 2. Nf3 e6 3. d4 cxd4 4. Nxd4 Nf6 5. Nc3 Nc6 6. a3 d5 7. exd5 exd5 8.
Be2 Qb6 9. Nb3 d4 10. Na4 Qd8 11. O-O Be7 12. Bb5 Bd7 13. Nac5 Qb6 14. Qe2 Bg4
15. f3 O-O 16. Na4 d3+ 17. Nxb6 dxe2 18. Bxe2 Bxf3 19. Bxf3 axb6 20. Be3 Nd7
21. Rad1 Rad8 22. Nd4 Na5 23. Nf5 Bc5 24. b4 Bxe3+ 25. Nxe3 Nc6 26. Nc4 Nde5
27. Nxe5 Nxe5 28. Bxb7 Rb8 29. Bd5 Rbc8 30. Rde1 Nc4 31. a4 Na3 32. c3 g6 33.
Rc1 Nc4 34. Rf6 Kg7 35. Rc6 Rxc6 36. Bxc6 Rd8 37. Bb5 Ne3 38. c4 Rd2 39. c5
bxc5 40. bxc5 Nd5 41. Bc4 Nb4 42. a5 Nc6 43. a6 Kf8 44. Rf1 f5 45. Ra1 Rc2 46.
Bd5 Na7 47. c6 Ke7 48. Bf3 g5 49. Rb1 Nxc6 50. Bxc6 Rxc6 51. a7 Ra6 52. Rb7+
Kf6 53. Rb6+ Rxb6 54. a8=Q Rb1+ 55. Kf2 Kg7 56. Qd5 Rb6 57. Ke3 Kg6 58. Qg8+
Kh6 59. Kd4 Rb2 60. Qe6+ Kg7 61. Qd7+ Kg6 62. Qc6+ Kh5 63. Ke5 Rf2 64. h3 g4
65. Kd4 gxh3 66. gxh3 Rf4+ 67. Ke5 Rf2 68. Qf6 h6 69. Ke6 Rf3 70. Kf7 Rxh3 71.
Qxf5+ Kh4 72. Qf4+ Kh5 73. Kf6 Ra3 74. Qe5+ Kg4 75. Qd4+ Kf3 76. Qd5+ Kg4 77.
Qc4+ Kg3 78. Kg6 Rf3 79. Kxh6 Rf4 80. Qd3+ Rf3 81. Qd6+ Kf2 82. Qd2+ Kg3 83.
Kg5 Rf2 84. Qe3+ Kg2 85. Kg4 Kf1 86. Qe4 Rg2+ 87. Kf3 Rf2+ 88. Kg3 Rd2 89. Qc4+
Ke1 90. Kf3 Rd3+ 91. Ke4 Rh3 92. Qc1+ Ke2 93. Qg5 Rb3 94. Qg2+ Ke1 95. Kd4 Ra3
96. Qg1+ Ke2 97. Qg4+ Ke1 98. Qh4+ Kd2 99. Qg5+ Kd1 100. Kc4 Ke2 101. Qe7+ Re3
102. Qf6 Rf3 103. Qe5+ Kd2 104. Qe4 Rc3+ 105. Kd4 Ra3 106. Qb1 Ra4+ 107. Ke5
Rh4 108. Qb7 Ke3 109. Qb6+ Ke2 110. Kf5 Rh3 111. Kf4 Rf3+ 112. Kg4 Rd3 113. Qc5
Kd2 114. Kf4 Rc3 115. Qd4+ Kc2 116. Ke4 Kb3 117. Qd2 Rc4+ 118. Kd5 Rc8 119.
Qd1+ Kb2 120. Qg4 Rc3 121. Qe2+ Kc1 122. Kd4 Rc2 123. Qe1+ Kb2 124. Kd3 Rc8
125. Qe5+ Kb1 126. Qa5 Rc2 127. Qa4 Rh2 128. Qb4+ Rb2 129. Qe1+ 1/2-1/2

[Event "Marshall Spring Norm RR - IM"]
[Site "?"]
[Date "2019.02.28"]
[Round "2"]
[White "Chasin, Nico"]
[Black "Ryba, Andrew"]
[Result "1-0"]
[WhiteElo "2289"]
[BlackElo "2220"]
[PlyCount "159"]
[EventDate "2019.02.28"]
[EventType "tourn"]
[SourceVersionDate "2019.02.28"]

1. d4 d5 2. c4 c6 3. Nf3 Nf6 4. e3 Bg4 5. Nbd2 Nbd7 6. h3 Bxf3 7. Nxf3 e6 8.
Be2 Bb4+ 9. Bd2 Bxd2+ 10. Qxd2 O-O 11. O-O a5 12. b4 dxc4 13. Bxc4 Nd5 14. b5
Qf6 15. bxc6 bxc6 16. Rab1 Rfd8 17. Rfc1 Qe7 18. Rb7 Qd6 19. e4 N5b6 20. Bf1
Rdb8 21. Rxb8+ Nxb8 22. e5 Qd8 23. Bd3 h6 24. h4 Nd5 25. Qe1 Nd7 26. Qe4 Nf8
27. Rxc6 Rc8 28. Rxc8 Qxc8 29. Qe1 Nb4 30. Bb1 Qc4 31. a3 Nd5 32. Qxa5 Qc1+ 33.
Qe1 Qxa3 34. Be4 Nc3 35. Bd3 Nd5 36. Qd2 Qa1+ 37. Kh2 Qc3 38. g3 Qxd2 39. Nxd2
Nd7 40. f4 g6 41. Kg2 h5 42. Kf3 Kf8 43. Bc4 N7b6 44. Bb3 Ne7 45. Bc2 Ned5 46.
Be4 Ke7 47. Bxd5 Nxd5 48. Nc4 Nc3 49. Ne3 Kd7 50. g4 hxg4+ 51. Nxg4 Ke7 52. Nf6
Kf8 53. Ke3 Na4 54. h5 gxh5 55. Nxh5 Nb6 56. Nf6 Nc8 57. d5 exd5 58. Nxd5 Na7
59. Ke4 Nc6 60. Kf5 Kg7 61. Kg5 Nd4 62. Nf6 Ne6+ 63. Kg4 Nd4 64. f5 Nc6 65. Kf4
Ne7 66. Ng4 Nd5+ 67. Kg5 Nc7 68. Nf6 Na6 69. Nd7 Nb4 70. f6+ Kg8 71. e6 Nd5 72.
e7 Nc7 73. Nc5 Ne8 74. Ne4 Kh7 75. Kf5 Kh6 76. Ng5 Nd6+ 77. Ke5 Ne8 78. Nxf7+
Kg6 79. Nh8+ Kh7 80. f7 1-0

[Event "Marshall Spring Norm RR - IM"]
[Site "?"]
[Date "2019.02.28"]
[Round "2"]
[White "Lund, Silas Esben"]
[Black "Escobar Forero, Alder"]
[Result "1-0"]
[WhiteElo "2362"]
[BlackElo "2471"]
[PlyCount "159"]
[EventDate "2019.02.28"]
[EventType "tourn"]
[SourceVersionDate "2019.02.28"]

1. d4 d5 2. c4 c6 3. cxd5 cxd5 4. Nc3 Nc6 5. Bf4 Bf5 6. e3 e6 7. Bd3 Bxd3 8.
Qxd3 Bb4 9. Nge2 Nge7 10. O-O O-O 11. f3 Nf5 12. a3 Be7 13. Rfd1 Qd7 14. b4
Rac8 15. Rab1 Rfd8 16. h3 Bf8 17. Rdc1 Nce7 18. Rd1 Ng6 19. Bg5 Re8 20. e4 dxe4
21. Nxe4 h6 22. Be3 Red8 23. Bf2 b6 24. Qb3 Bd6 25. Nxd6 Qxd6 26. a4 Nfe7 27.
Bg3 Qd5 28. Nc3 Qc4 29. Ne4 Rxd4 30. Rxd4 Qxd4+ 31. Bf2 Qd5 32. a5 Qxb3 33.
Rxb3 Nd5 34. Nd6 Rc1+ 35. Kh2 Rc2 36. Kg1 Ne5 37. a6 Nc4 38. Nb5 Ra2 39. Nxa7
Rxa6 40. Nc6 Ra1+ 41. Kh2 Ra2 42. Kg1 Rc2 43. b5 Kf8 44. Rb1 Ra2 45. Rc1 Ra4
46. g3 Nd6 47. Ne5 Ke7 48. Rc6 Ra1+ 49. Kg2 Ra2 50. Kg1 Ra1+ 51. Kg2 Nxb5 52.
Bxb6 Ra2+ 53. Kf1 Kf6 54. Nd7+ Kf5 55. Rc4 g5 56. Bf2 Ra1+ 57. Kg2 Ra2 58. Kf1
Rd2 59. Nc5 Rd1+ 60. Kg2 Nd6 61. Ra4 Kg6 62. Nd7 Rd2 63. Kf1 Nf5 64. Ne5+ Kf6
65. Ng4+ Kg7 66. Ra7 Rd1+ 67. Kg2 h5 68. Ne5 Nh6 69. Ra4 Ng8 70. h4 gxh4 71.
Rxh4 Ngf6 72. Ra4 Ng8 73. g4 Ndf6 74. Ra7 Rd2 75. g5 Nd7 76. Nxd7 Kg6 77. f4
Kf5 78. Kf3 Rd3+ 79. Be3 f6 80. Nxf6 1-0

[Event "Marshall Spring Norm RR - IM"]
[Site "?"]
[Date "2019.02.28"]
[Round "2"]
[White "Jacobson, Aaron"]
[Black "Mishra, Abhimanyu"]
[Result "1-0"]
[WhiteElo "2365"]
[BlackElo "2195"]
[PlyCount "89"]
[EventDate "2019.02.28"]
[EventType "tourn"]
[SourceVersionDate "2019.02.28"]

1. e4 c5 2. Nf3 e6 3. d4 cxd4 4. Nxd4 Nc6 5. Nc3 Qc7 6. g3 a6 7. Bg2 Nf6 8. O-O
h5 9. h3 Bc5 10. Nxc6 bxc6 11. Qf3 e5 12. Bg5 Be7 13. Rad1 d6 14. b3 Be6 15.
Qd3 a5 16. Na4 Rd8 17. c4 Qd7 18. Nb6 Qb7 19. Qe3 O-O 20. Na4 Qc7 21. Qf3 Qc8
22. Bxf6 gxf6 23. Qxh5 Kg7 24. f4 Rh8 25. Qf3 Bxh3 26. f5 Bxg2 27. Kxg2 Qc7 28.
Qg4+ Kf8 29. Rh1 Rg8 30. Qf3 Ke8 31. Rh7 Bf8 32. Rd3 Rd7 33. Qf2 Rd8 34. Qe2
Rd7 35. Rh1 Rd8 36. Rhd1 Rb8 37. c5 dxc5 38. Qd2 Be7 39. Rd7 Qc8 40. Rxe7+ Kxe7
41. Qd6+ Ke8 42. Nxc5 Qd8 43. Nd7 Rc8 44. Nxf6+ Qxf6 45. Qxf6 1-0

[Event "Marshall Spring Norm RR - IM"]
[Site "?"]
[Date "2019.02.28"]
[Round "3"]
[White "Savanovic, Aleksandar"]
[Black "Lund, Silas Esben"]
[Result "1-0"]
[WhiteElo "2442"]
[BlackElo "2362"]
[PlyCount "101"]
[EventDate "2019.02.28"]
[EventType "tourn"]
[SourceVersionDate "2019.02.28"]

1. Nf3 d6 2. d4 g6 3. Bf4 Bg7 4. e3 Nf6 5. h3 O-O 6. Be2 b6 7. O-O Bb7 8. a4 c5
9. c3 Nbd7 10. Bh2 Ne4 11. a5 bxa5 12. Qa4 cxd4 13. exd4 Nb6 14. Qxa5 Nd5 15.
Nbd2 Nxd2 16. Nxd2 Bh6 17. Nc4 Qc8 18. Rfe1 Nf4 19. Bxf4 Bxf4 20. Bf1 d5 21.
Ne5 e6 22. g3 Bxe5 23. Rxe5 Qc6 24. Re3 Qb6 25. b4 Bc6 26. h4 Rfb8 27. h5 Kg7
28. Qa3 Qd8 29. Kg2 Bb5 30. Bxb5 Rxb5 31. Rh1 a5 32. hxg6 hxg6 33. Rf3 axb4 34.
Qc1 g5 35. Rh5 f6 36. Qh1 Qh8 37. Rxh8 Rxh8 38. Qf1 Rhb8 39. cxb4 Rxb4 40. Qe1
R8b6 41. Re3 Rxd4 42. Rxe6 Rxe6 43. Qxe6 g4 44. Qf5 Rb4 45. Qxd5 Kg6 46. Qd3+
Kg7 47. Qf5 Rd4 48. Kf1 Rb4 49. Ke2 Rd4 50. Ke3 Rb4 51. Kd3 1-0

[Event "Marshall Spring Norm RR - IM"]
[Site "?"]
[Date "2019.02.28"]
[Round "3"]
[White "Daggupati, Balaji"]
[Black "Jacobson, Aaron"]
[Result "1/2-1/2"]
[WhiteElo "2305"]
[BlackElo "2365"]
[PlyCount "50"]
[EventDate "2019.02.28"]
[EventType "tourn"]
[SourceVersionDate "2019.02.28"]

1. e4 e6 2. d4 d5 3. Nc3 Nf6 4. Bg5 dxe4 5. Nxe4 Be7 6. Bxf6 Bxf6 7. Nf3 Bd7 8.
Bd3 Bc6 9. c3 g6 10. Ne5 Bxe5 11. dxe5 Nd7 12. Qe2 Nxe5 13. Bb5 a6 14. Bxc6+
Nxc6 15. Qf3 Qe7 16. b4 O-O 17. Nc5 a5 18. Nxb7 Nxb4 19. cxb4 Qxb4+ 20. Ke2
Qb2+ 21. Ke3 f5 22. Qc6 Qa3+ 23. Ke2 Qb2+ 24. Ke3 Qa3+ 25. Ke2 Qb2+ 1/2-1/2

[Event "Marshall Spring Norm RR - IM"]
[Site "?"]
[Date "2019.02.28"]
[Round "3"]
[White "Ryba, Andrew"]
[Black "Allicock, Rawle"]
[Result "1/2-1/2"]
[WhiteElo "2220"]
[BlackElo "2237"]
[PlyCount "59"]
[EventDate "2019.02.28"]
[EventType "tourn"]
[SourceVersionDate "2019.02.28"]

1. e4 c6 2. d4 d5 3. e5 Bf5 4. Nd2 e6 5. Nb3 Nd7 6. Nf3 Ne7 7. Be2 c5 8. dxc5
Nc6 9. O-O Nxc5 10. Nfd4 Bg6 11. Nxc6 bxc6 12. Nd4 Qc7 13. f4 Be7 14. Be3 O-O
15. c3 Rfb8 16. g4 Rxb2 17. f5 exf5 18. gxf5 Qxe5 19. Bf4 Qe4 20. fxg6 Ne6 21.
gxf7+ Kh8 22. Qd3 Nxd4 23. Qxe4 Nxe2+ 24. Qxe2 Rxe2 25. Rae1 Bc5+ 26. Kh1 Rxe1
27. Rxe1 Rf8 28. Re8 h6 29. Be3 Ba3 30. Bc1 1/2-1/2

[Event "Marshall Spring Norm RR - IM"]
[Site "?"]
[Date "2019.02.28"]
[Round "3"]
[White "Mishra, Abhimanyu"]
[Black "Chasin, Nico"]
[Result "0-1"]
[WhiteElo "2195"]
[BlackElo "2289"]
[PlyCount "94"]
[EventDate "2019.02.28"]
[EventType "tourn"]
[SourceVersionDate "2019.02.28"]

1. e4 c5 2. Nf3 e6 3. d4 cxd4 4. Nxd4 Nc6 5. Nc3 Qc7 6. Be3 a6 7. Qf3 Nf6 8.
O-O-O d6 9. Nxc6 Qxc6 10. Be2 Be7 11. g4 Nd7 12. Kb1 b5 13. a3 Rb8 14. Bd2 Bb7
15. Qg3 Nb6 16. g5 Rc8 17. h4 Nc4 18. Bd3 a5 19. Ne2 Qb6 20. Be3 Nxe3 21. Qxe3
Qxe3 22. Bxb5+ Kf8 23. fxe3 Bxe4 24. Bd3 Bxh1 25. Rxh1 g6 26. Nd4 e5 27. Nf3 h6
28. Rf1 Kg7 29. Be4 hxg5 30. hxg5 Rc5 31. c4 Rxc4 32. Bd5 Rc5 33. e4 f6 34.
gxf6+ Bxf6 35. Nd2 Rhc8 36. Nb3 Rb5 37. a4 Rb4 38. Nxa5 Rxa4 39. Nc6 Ra6 40.
Rc1 Rb6 41. b4 g5 42. Rc2 g4 43. Kc1 g3 44. Rc3 Bh4 45. Rc2 Rbxc6 46. Bxc6 Rxc6
47. Rxc6 g2 0-1

[Event "Marshall Spring Norm RR - IM"]
[Site "?"]
[Date "2019.02.28"]
[Round "4"]
[White "Jacobson, Aaron"]
[Black "Chasin, Nico"]
[Result "1-0"]
[WhiteElo "2365"]
[BlackElo "2289"]
[PlyCount "119"]
[EventDate "2019.02.28"]
[EventType "tourn"]
[SourceVersionDate "2019.02.28"]

1. e4 c5 2. Nf3 e6 3. d4 cxd4 4. Nxd4 Nc6 5. Nc3 Qc7 6. g3 a6 7. Bg2 Be7 8. O-O
h5 9. h3 d6 10. Re1 Bf6 11. Nxc6 bxc6 12. Bf4 e5 13. Be3 h4 14. g4 g5 15. Qd2
Qd8 16. b3 Be7 17. Na4 Rb8 18. Rad1 f6 19. Qe2 Qc7 20. Bc1 Nh6 21. Ba3 Nf7 22.
Qd2 Be6 23. Bf1 a5 24. Qc3 O-O 25. Bc4 Bxc4 26. bxc4 Rfd8 27. Qf3 Qc8 28. Nc3
Qe6 29. Qd3 Nh8 30. Rb1 Ng6 31. Rb3 Nf4 32. Qf1 Rxb3 33. axb3 d5 34. cxd5 cxd5
35. Bxe7 Qxe7 36. Nxd5 Nxd5 37. exd5 Rxd5 38. Qc4 Qf7 39. c3 Kg7 40. b4 axb4
41. cxb4 Qd7 42. Rb1 Rd1+ 43. Rxd1 Qxd1+ 44. Kg2 Qb1 45. b5 e4 46. Qc7+ Kg6 47.
b6 e3 48. fxe3 Qd3 49. Kf2 Qd2+ 50. Kf3 Qd5+ 51. Ke2 Qg2+ 52. Kd3 Qd5+ 53. Kc3
Qa5+ 54. Kc4 Qa2+ 55. Kc5 Qa3+ 56. Kc6 Qa4+ 57. Kd6 Qd1+ 58. Ke7 Qb3 59. Kf8
Qa3+ 60. Qe7 1-0

[Event "Marshall Spring Norm RR - IM"]
[Site "?"]
[Date "2019.02.28"]
[Round "4"]
[White "Daggupati, Balaji"]
[Black "Escobar Forero, Alder"]
[Result "1-0"]
[WhiteElo "2305"]
[BlackElo "2471"]
[PlyCount "67"]
[EventDate "2019.02.28"]
[EventType "tourn"]
[SourceVersionDate "2019.02.28"]

1. e4 c5 2. Nf3 Nc6 3. Bb5 e6 4. O-O Nge7 5. Nc3 Ng6 6. Re1 f6 7. d4 cxd4 8.
Nxd4 Be7 9. Be3 O-O 10. a3 Qc7 11. Bc4 Kh8 12. Qe2 a6 13. Ba2 b5 14. Nxc6 Qxc6
15. Nd5 Bd8 16. f3 a5 17. Nf4 Ne5 18. Nd3 Nc4 19. Bf2 Be7 20. a4 Ba6 21. axb5
Qxb5 22. Bxc4 Qxc4 23. Rxa5 Bb7 24. Rea1 Rac8 25. Ra7 Bc6 26. Nf4 Qb4 27. Nd3
Qb8 28. b3 Bd6 29. g3 f5 30. e5 Be7 31. Bc5 Bxf3 32. Qxf3 Bxc5+ 33. Nxc5 Rxc5
34. Ra8 1-0

[Event "Marshall Spring Norm RR - IM"]
[Site "?"]
[Date "2019.02.28"]
[Round "4"]
[White "Lund, Silas Esben"]
[Black "Ryba, Andrew"]
[Result "0-1"]
[WhiteElo "2362"]
[BlackElo "2220"]
[PlyCount "100"]
[EventDate "2019.02.28"]
[EventType "tourn"]
[SourceVersionDate "2019.02.28"]

1. d4 d5 2. c4 c6 3. Nf3 Nf6 4. Nc3 dxc4 5. a4 Bf5 6. e3 e6 7. Bxc4 Bb4 8. O-O
Nbd7 9. Qe2 O-O 10. e4 Bg4 11. Rd1 Qe7 12. e5 Nd5 13. Nxd5 cxd5 14. Bd3 Rac8
15. h3 Bh5 16. g4 Bg6 17. Bg5 Bxd3 18. Rxd3 f6 19. exf6 gxf6 20. Bh6 Rfe8 21.
Kh1 Qf7 22. Re3 Rc6 23. Rg1 Kh8 24. Nh4 Rg8 25. g5 fxg5 26. Bxg5 Bf8 27. Reg3
Bd6 28. Rf3 Qh5 29. Qe3 h6 30. Qxe6 hxg5 31. Qxd7 Qxh4 32. Qxb7 Qe4 33. Qf7 Bf4
34. Qh5+ Qh7 35. Qg4 Rh6 36. Re1 Qf7 37. Re5 Rh4 38. Qf5 Qxf5 39. Rxf5 Bc1 40.
Rxd5 g4 41. Rf7 gxh3 42. Rff5 Bxb2 43. Rh5+ Rxh5 44. Rxh5+ Kg7 45. Rd5 Rf8 46.
Kh2 Rxf2+ 47. Kxh3 Rf7 48. Kg4 Kf6 49. a5 Ke6 50. Re5+ Kd6 0-1

[Event "Marshall Spring Norm RR - IM"]
[Site "?"]
[Date "2019.02.28"]
[Round "4"]
[White "Wang, Wesley"]
[Black "Savanovic, Aleksandar"]
[Result "1/2-1/2"]
[WhiteElo "2304"]
[BlackElo "2442"]
[PlyCount "50"]
[EventDate "2019.02.28"]
[EventType "tourn"]
[SourceVersionDate "2019.02.28"]

1. e4 Nf6 2. e5 Nd5 3. d4 d6 4. Nf3 Bg4 5. Be2 e6 6. c4 Nb6 7. exd6 cxd6 8. Nc3
Be7 9. O-O O-O 10. Be3 d5 11. c5 Bxf3 12. Bxf3 Nc4 13. Bf4 Nc6 14. b3 N4a5 15.
Rb1 Bf6 16. Be3 b6 17. Nb5 Qd7 18. Nd6 Nb7 19. Nxb7 Qxb7 20. b4 b5 21. Be2 a6
22. Qd2 Rfb8 23. Rfd1 Qd7 24. h3 g6 25. a3 Qe8 1/2-1/2

[Event "Marshall Spring Norm RR - IM"]
[Site "?"]
[Date "2019.02.28"]
[Round "4"]
[White "Allicock, Rawle"]
[Black "Mishra, Abhimanyu"]
[Result "0-1"]
[WhiteElo "2237"]
[BlackElo "2195"]
[PlyCount "84"]
[EventDate "2019.02.28"]
[EventType "tourn"]
[SourceVersionDate "2019.02.28"]

1. d4 d5 2. c4 e6 3. Nf3 Nf6 4. g3 dxc4 5. Bg2 a6 6. O-O Nc6 7. e3 Bd7 8. Qe2
Bd6 9. Qxc4 O-O 10. Rd1 Rb8 11. Nbd2 Qe7 12. Qe2 e5 13. dxe5 Nxe5 14. Nxe5 Bxe5
15. Nc4 Ba4 16. Re1 Bb5 17. a4 Bxc4 18. Qxc4 Rfd8 19. Ra3 b5 20. Qe2 c5 21. f4
Bd6 22. axb5 axb5 23. Rd3 c4 24. Rdd1 Bc5 25. h3 Rxd1 26. Qxd1 Bb4 27. Rf1 Ne4
28. Kh2 Rd8 29. Qh5 Qc5 30. Qh4 Re8 31. Rd1 h6 32. Rd8 Qf8 33. Rd5 Be7 34. Qg4
Nf6 35. Qf5 g6 36. Qc2 Nxd5 37. Bxd5 Qg7 38. Qe4 Qf6 39. Bd2 Qf5 40. Qd4 Bf6
41. Qc5 Qc2 42. Qb4 Qxb2 0-1

[Event "Marshall Spring Norm RR - IM"]
[Site "?"]
[Date "2019.03.02"]
[Round "5"]
[White "Escobar Forero, Alder"]
[Black "Jacobson, Aaron"]
[Result "1-0"]
[WhiteElo "2471"]
[BlackElo "2365"]
[PlyCount "91"]
[EventDate "2019.02.28"]
[EventType "tourn"]
[SourceVersionDate "2019.02.28"]

1. e4 e6 2. d4 d5 3. Nc3 Nf6 4. Bg5 dxe4 5. Nxe4 Be7 6. Bxf6 Bxf6 7. Nf3 Bd7 8.
Qd2 Bc6 9. Nxf6+ gxf6 10. Be2 Nd7 11. O-O-O Qe7 12. Qa5 Qd6 13. Kb1 b6 14. Qh5
Qd5 15. Qh6 Qf5 16. Rhe1 O-O-O 17. Qe3 Kb8 18. g3 Bb7 19. Nh4 Qa5 20. c4 Nf8
21. Nf3 Ng6 22. Nd2 Qb4 23. Nb3 Rd7 24. a3 Qe7 25. h4 Qd8 26. Bf3 Qc8 27. Rd3
Rhd8 28. Bxb7 Qxb7 29. Nc5 bxc5 30. Rb3 cxd4 31. Rxb7+ Kxb7 32. Qf3+ Kb8 33.
Qxf6 d3 34. h5 Nf8 35. Rd1 d2 36. a4 c6 37. Kc2 Ka8 38. a5 Kb7 39. a6+ Kb8 40.
Qe5+ Kc8 41. Qc5 Kb8 42. Qxc6 f5 43. f4 h6 44. b4 Nh7 45. Kb3 Nf6 46. Rxd2 1-0

[Event "Marshall Spring Norm RR - IM"]
[Site "?"]
[Date "2019.03.02"]
[Round "5"]
[White "Ryba, Andrew"]
[Black "Wang, Wesley"]
[Result "1-0"]
[WhiteElo "2220"]
[BlackElo "2304"]
[PlyCount "61"]
[EventDate "2019.02.28"]
[EventType "tourn"]
[SourceVersionDate "2019.02.28"]

1. e4 c5 2. Nf3 e6 3. d4 cxd4 4. Nxd4 a6 5. Bd3 Bc5 6. Nb3 Be7 7. Qg4 g6 8. Qe2
d6 9. O-O Nd7 10. Na3 Qc7 11. Nc4 b5 12. Nca5 Nc5 13. c4 Nxd3 14. Qxd3 Bd7 15.
Rd1 Rc8 16. cxb5 Bxb5 17. Qf3 Bf6 18. a4 Bd7 19. Bf4 Bxb2 20. Ra2 Be5 21. Rc1
Qb8 22. Rxc8+ Qxc8 23. Bxe5 dxe5 24. Qd3 Qb8 25. Nc5 Nf6 26. Nab7 Qc7 27. Rd2
Ke7 28. Qa3 Ke8 29. Nd6+ Kf8 30. Nb5 Qc6 31. Nxe6+ 1-0

[Event "Marshall Spring Norm RR - IM"]
[Site "?"]
[Date "2019.03.02"]
[Round "5"]
[White "Savanovic, Aleksandar"]
[Black "Daggupati, Balaji"]
[Result "0-1"]
[WhiteElo "2442"]
[BlackElo "2305"]
[Annotator "Chess,Marshall"]
[PlyCount "68"]
[EventDate "2019.02.28"]
[EventType "tourn"]
[SourceVersionDate "2019.02.28"]

1. Nf3 d5 2. c4 d4 3. b4 Bg4 4. Qb3 c6 5. e3 Bxf3 6. gxf3 g6 7. Bb2 Bg7 8. c5
e5 9. Na3 Ne7 10. Nc4 Nc8 11. f4 exf4 12. exd4 Qd5 13. Ne5 Qxb3 14. axb3 Nd7
15. Bc4 Nxe5 16. dxe5 Ne7 17. b5 O-O 18. Ke2 cxb5 19. Bxb5 a6 20. Bc4 Nc6 21.
d4 Rad8 22. Rad1 Rd7 23. Kf3 Rfd8 24. e6 Nxd4+ 25. Bxd4 Rxd4 26. exf7+ Kf8 27.
Rde1 Rd2 28. Re4 Bd4 29. Rxf4 Bxc5 30. Re1 Rxf2+ 31. Kg3 Rfd2 32. Rff1 Bd6+ 33.
Kg4 h5+ 34. Kg5 Kg7 {[%emt 0:00:38] ...White resigns on move} 0-1

[Event "Marshall Spring Norm RR - IM"]
[Site "?"]
[Date "2019.03.02"]
[Round "5"]
[White "Chasin, Nico"]
[Black "Allicock, Rawle"]
[Result "0-1"]
[WhiteElo "2289"]
[BlackElo "2237"]
[PlyCount "108"]
[EventDate "2019.02.28"]
[EventType "tourn"]
[SourceVersionDate "2019.02.28"]

1. d4 Nf6 2. c4 e6 3. Nc3 Bb4 4. e3 c5 5. Nge2 Ba5 6. Rb1 Na6 7. f3 O-O 8. Nf4
Bxc3+ 9. bxc3 d6 10. Bd3 Nb8 11. d5 e5 12. Ne2 e4 13. fxe4 Bg4 14. e5 dxe5 15.
h3 Bxe2 16. Qxe2 Ne4 17. Bxe4 Qh4+ 18. Kd2 Qxe4 19. Rb2 Nd7 20. Qg4 Qxg4 21.
hxg4 e4 22. Kc2 Ne5 23. Kb3 Nxg4 24. Bd2 f5 25. Rh3 Nf2 26. Rh4 Rf6 27. Be1 Nd3
28. Rb1 g5 29. Rh5 Rg6 30. g3 Rf8 31. Bd2 Kg7 32. a4 a5 33. Rbh1 h6 34. Rf1 Ne5
35. Bc1 Rgf6 36. Bd2 Kg6 37. Rhh1 h5 38. Bc1 Rh8 39. Rfg1 Rf7 40. Bd2 Rfh7 41.
Be1 Ng4 42. Bd2 h4 43. gxh4 Rxh4 44. Rxh4 gxh4 45. Rh1 h3 46. Be1 Nxe3 47. Bg3
Ng4 48. d6 Rh7 49. Rd1 Rd7 50. Bf4 h2 51. Rh1 Kf6 52. Kc2 Ke6 53. Kd2 Rxd6+ 54.
Bxd6 Kxd6 0-1

[Event "Marshall Spring Norm RR - IM"]
[Site "?"]
[Date "2019.03.02"]
[Round "5"]
[White "Mishra, Abhimanyu"]
[Black "Lund, Silas Esben"]
[Result "1-0"]
[WhiteElo "2195"]
[BlackElo "2362"]
[PlyCount "87"]
[EventDate "2019.02.28"]
[EventType "tourn"]
[SourceVersionDate "2019.02.28"]

1. e4 Nf6 2. e5 Nd5 3. d4 d6 4. Nf3 Bg4 5. Be2 c6 6. Ng5 Bxe2 7. Qxe2 dxe5 8.
dxe5 e6 9. O-O Be7 10. Ne4 Nd7 11. f4 Nc5 12. Nbd2 O-O 13. a3 b5 14. Kh1 Nxe4
15. Nxe4 Qb6 16. Bd2 c5 17. Rad1 c4 18. Nc3 Nxc3 19. Bxc3 Rad8 20. Rxd8 Rxd8
21. Rd1 Rxd1+ 22. Qxd1 Qe3 23. Qd2 Qe4 24. h3 Bh4 25. Bb4 h6 26. Kh2 a5 27.
Bxa5 Be7 28. Bb6 g5 29. Be3 Kh7 30. Kh1 Kg6 31. Qf2 f5 32. exf6 Bxf6 33. c3 e5
34. fxg5 Bxg5 35. Bxg5 hxg5 36. Qb6+ Kh5 37. Qxb5 Qf4 38. Qd5 e4 39. Qxc4 Qc1+
40. Kh2 Qf4+ 41. Kg1 Qc1+ 42. Qf1 Qe3+ 43. Kh2 Qd3 44. Qf6 1-0

[Event "Marshall Spring Norm RR - IM"]
[Site "?"]
[Date "2019.03.02"]
[Round "6"]
[White "Jacobson, Aaron"]
[Black "Allicock, Rawle"]
[Result "1-0"]
[WhiteElo "2365"]
[BlackElo "2237"]
[PlyCount "45"]
[EventDate "2019.02.28"]
[EventType "tourn"]
[SourceVersionDate "2019.02.28"]

1. d4 Nf6 2. c4 g6 3. Nc3 d5 4. Bg5 Ne4 5. Nxe4 dxe4 6. e3 c5 7. Ne2 Bg7 8. Qd2
Nc6 9. d5 Ne5 10. Nc3 f5 11. Be2 Nf7 12. Bf4 Nd6 13. h4 h6 14. f3 a6 15. fxe4
fxe4 16. g4 O-O 17. Qc2 Qa5 18. O-O Qb6 19. Nxe4 Nxe4 20. Qxe4 Qxb2 21. Bd3 Rf6
22. Rab1 Qa3 23. Be5 1-0

[Event "Marshall Spring Norm RR - IM"]
[Site "?"]
[Date "2019.03.02"]
[Round "6"]
[White "Escobar Forero, Alder"]
[Black "Savanovic, Aleksandar"]
[Result "0-1"]
[WhiteElo "2471"]
[BlackElo "2442"]
[Annotator "Chess,Marshall"]
[PlyCount "60"]
[EventDate "2019.02.28"]
[EventType "tourn"]
[SourceVersionDate "2019.02.28"]

1. e4 e5 2. Nf3 Nc6 3. Bb5 a6 4. Ba4 Nf6 5. O-O Be7 6. Bxc6 dxc6 7. d3 Nd7 8.
Nbd2 O-O 9. Nc4 f6 10. Nh4 Nc5 11. f4 exf4 12. Rxf4 g6 13. Be3 Ne6 14. Rf1 c5
15. Bh6 Rf7 16. Nf3 Nd4 17. Nfd2 Be6 18. Ne3 Qd7 19. a4 b6 20. Bf4 Bf8 21. Nb1
Bg7 22. Nc3 Re8 23. Qd2 c6 24. Rae1 b5 25. Rf2 Qd8 26. axb5 axb5 27. h3 Rd7 28.
Qc1 Qa5 29. Ref1 c4 30. dxc4 bxc4 {...White resigned on move 66} 0-1

[Event "Marshall Spring Norm RR - IM"]
[Site "?"]
[Date "2019.03.02"]
[Round "6"]
[White "Daggupati, Balaji"]
[Black "Ryba, Andrew"]
[Result "0-1"]
[WhiteElo "2305"]
[BlackElo "2220"]
[PlyCount "116"]
[EventDate "2019.02.28"]
[EventType "tourn"]
[SourceVersionDate "2019.02.28"]

1. e4 c5 2. Nf3 d6 3. d4 cxd4 4. Nxd4 Nf6 5. Nc3 g6 6. Be3 Nc6 7. f3 Bg7 8. Qd2
O-O 9. O-O-O d5 10. Qe1 e5 11. Nxc6 bxc6 12. exd5 Nxd5 13. Bc4 Be6 14. Kb1 Re8
15. Ne4 f5 16. Ng5 Bc8 17. h4 Rb8 18. Bb3 h6 19. Ne4 Qc7 20. Nc5 Kh7 21. Bf2
Nf4 22. g3 Nd5 23. Rg1 e4 24. h5 g5 25. Bd4 Bxd4 26. Rxd4 Qd6 27. Nxe4 fxe4 28.
fxe4 Qe5 29. Qf2 Nf6 30. Rf1 Rf8 31. Rd3 Be6 32. Qxa7+ Rf7 33. Qd4 Qxd4 34.
Rxd4 Bxb3 35. cxb3 Rbf8 36. Rh1 Re8 37. Rf1 Kg7 38. Rd6 Nxh5 39. Rh1 Rf6 40.
Rd3 Kg6 41. Re3 Rfe6 42. Rc1 Nf6 43. a4 Nxe4 44. Rd3 c5 45. Ka2 h5 46. Ka3 g4
47. a5 Ra6 48. Ka4 Rea8 49. b4 cxb4 50. Rd5 Nxg3 51. Rdc5 Ne4 52. Rb5 g3 53.
Rd1 h4 54. Re5 Ng5 55. Rdd5 Nf3 56. Re4 Rxa5+ 57. Rxa5 Rxa5+ 58. Kxa5 Kf5 0-1